00311nam a22001217a 4500020001800000082001600018100001900034245003700053260003900090300001900129500001900148650002200167 a9780470072929 a621.381 RAZ aRazavi, Behzad aFundamentals of Microelectronics aUSAbJohn Wiley & Sons, Inc.c2006 axxviii, 767 p. aIncludes index a Microelectronics